| 000 | 00676nam a2200217Ia 4500 | ||
|---|---|---|---|
| 008 | 191130s2000##################000#0#eng## | ||
| 020 | _a3631357311 | ||
| 040 |
_aACL _cACL |
||
| 082 | _a496.08693096 BAT | ||
| 100 | _aBatibo, Herman | ||
| 245 |
_aBotswana : the future of the minority languages _cHerman Batibo and Birgit Smieja |
||
| 260 |
_aBern _bPeter Lang _c2000 |
||
| 300 | _axxiii, 292 p. : ill., maps ; 21 cm | ||
| 650 | _aBotswana -- Languages | ||
| 650 | _aLanguages in contact -- Botswana | ||
| 650 | _aLinguistic minorities -- Botswana | ||
| 700 | _aSmieja, Birgit | ||
| 990 | _aa7504b91ac10000c1e8bc62331ad654a | ||
| 991 | _a417980 | ||
| 999 |
_c118823 _d118823 |
||